| 000 | 00376nam a2200145Ia 4500 | ||
|---|---|---|---|
| 008 | 210210b1960 xxu||||| |||| 00| 0 eng d | ||
| 082 | _a923.1 KORE | ||
| 100 | _aKORNITZER (Bela). | ||
| 245 | _aEisenhower(story of 'IKE' & his four brothers). | ||
| 260 |
_aDelhi. _bS. Chand & Co. Ltd. _c1960 |
||
| 300 | _aiv,100 | ||
| 650 | _aUSA | ||
| 690 | _aBiography | ||
| 906 | _a028416 | ||
| 999 |
_c79664 _d79664 |
||